|
|
|
|
| LEADER |
00000nas a2200000 i 4500 |
| 001 |
ssj0001737960 |
| 003 |
WaSeSS |
| 005 |
20200512172242.0 |
| 006 |
m d |
| 007 |
cr n |
| 008 |
130529c20149999nz uu p s 0 a0eng |
| 010 |
|
|
|a 2016247788
|
| 022 |
|
|
|a 2324-481X
|l 2324-481X
|
| 035 |
|
|
|a (WaSeSS)ssj0001737960
|
| 040 |
|
|
|a NZ1
|b eng
|c NZ1
|d NZWTU
|d OCLCF
|d CUS
|d PFM
|d CUS
|d STF
|d CRU
|d AU@
|d WYU
|d VT2
|d OCLCO
|d NZ1
|d OCLCO
|d OCLCA
|d WaSeSS
|
| 042 |
|
|
|a nznb
|a pcc
|
| 050 |
|
4 |
|a RD92
|
| 082 |
0 |
4 |
|a 617.1005
|2 23
|
| 210 |
1 |
|
|a Chronic wound care manag. res.
|
| 222 |
|
0 |
|a Chronic wound care management and research
|
| 245 |
0 |
0 |
|a Chronic wound care management and research
|h [electronic resource].
|
| 246 |
1 |
|
|i Title in HTML header:
|a Journal of chronic wound care management and research
|
| 260 |
|
|
|a [Auckland] :
|b Dovepress,
|c [2014]-
|
| 362 |
1 |
|
|a Began with 2014:1.
|
| 506 |
|
|
|a License restrictions may limit access.
|
| 515 |
|
|
|a Articles added irregularly during the year and collected into annual issues.
|
| 588 |
|
|
|a Description based on: 2014:1; title from PDF caption (viewed on March 24, 2014).
|
| 588 |
|
|
|a Latest issue consulted: Volume 3 (2016) (publisher's website, viewed October 7, 2016).
|
| 650 |
|
0 |
|a Wounds and injuries
|x Treatment
|v Periodicals.
|
| 650 |
|
7 |
|a Wounds and injuries
|x Treatment.
|2 fast
|0 (OCoLC)fst01181511
|
| 650 |
|
2 |
|a Wounds and Injuries
|x therapy.
|
| 655 |
|
0 |
|a Electronic journals.
|
| 856 |
4 |
0 |
|z Full text available from Research Library: 01/01/2014 to present
|u https://search.proquest.com/publication/3933193
|